| 000 | 01426cam a22002295a 4500 | ||
|---|---|---|---|
| 001 | L158460 | ||
| 008 | 120730s2009 xxk f 000 0 eng d | ||
| 035 | _a(Sirsi) u158460 | ||
| 041 | 0 | _aeng | |
| 110 | 2 |
_aBuilding Cost Information Services _96102 |
|
| 245 | 0 | 0 |
_aBCIS International Cost Elements Enquiry Report 2009 _h[electronic resource] |
| 260 |
_aS.I _bBCIS _c2009 |
||
| 505 | 2 | _aExecutive summary -- Introduction -- Survey method and questions -- Survey results by question -- Country reports | |
| 520 | _aPresents information on practices in 40 different countries gleaned from 103 survey responses obtained from surveys of RICS members working overseas and a small group of non-RICS construction cost information professionals. Reports survey information relating to early cost advice to clients, published tender price indices, elemental cost classifications for buildings, most common procurement routes, area measures used in expressing cost/m, construction cost indices, classification of standard building types, key information sources, civil engineering elemental classification, and insurance reinstatement costs source. | ||
| 521 | _aAdvanced | ||
| 650 | 2 | 4 | _aBCIS ELEMENTS |
| 650 | 2 | 4 | _aBCIS |
| 651 | 4 | _aInternational | |
| 690 |
_aQuantity surveying _96263 |
||
| 856 | 4 | 0 |
_uhttps://www.rics.org/Global/2009-BCIS-IntCostEnquiryRpt.pdf _zView this report free of charge at www.rics.org |
| 942 | _n0 | ||
| 999 |
_c115322 _d115322 |
||